Biodiversity: (Record no. 27178)

MARC details
000 -LEADER
fixed length control field 00972nam a22002417a 4500
005 - DATE AND TIME OF LATEST TRANSACTION
control field 20090603120315.0
008 - FIXED-LENGTH DATA ELEMENTS--GENERAL INFORMATION
fixed length control field 090603t xxu||||| |||| 00| 0 eng d
010 ## - LCCN (DPL NO)
LC control number ENG-93849
020 ## - INTERNATIONAL STANDARD BOOK NUMBER
International Standard Book Number 817648377X
Terms of availability 895.00
035 ## - SYSTEM CONTROL NUMBER
System control number EN-77382
037 ## - SOURCE OF ACQUISITION
Source of stock number/acquisition DBAD / PUB
040 ## - CATALOGING SOURCE
Original cataloging agency dpl
Language of cataloging English
082 ## - DEWEY DECIMAL CLASSIFICATION NUMBER
Classification number 333.9511
245 ## - TITLE STATEMENT
Title Biodiversity:
Statement of responsibility, etc edited by Ramamurthi Rallapalli [and] Geetha Bali
Remainder of title (monitoring, management, conservation and enhancement) /
260 ## - PUBLICATION, DISTRIBUTION, ETC. (IMPRINT)
Place of publication, distribution, etc New Delhi
Name of publisher, distributor, etc APH Publishing Corporations
Date of publication, distribution, etc 2009
270 ## - ADDRESS
Address 4435-36/7, Ansari Road, Daryaganj,
City New Delhi
Postal code 110002
300 ## - PHYSICAL DESCRIPTION
Extent xii, 237p.
Dimensions 22cm(Hb)
500 ## - GENERAL NOTE
General note Includes references and index
700 ## - ADDED ENTRY--PERSONAL NAME
Personal name Rallapalli, Ramamurthi
700 ## - ADDED ENTRY--PERSONAL NAME
Personal name Bali, Geetha
942 ## - ADDED ENTRY ELEMENTS (KOHA)
Source of classification or shelving scheme Dewey Decimal Classification
Item type English Books
Call number suffix BIO
Classification part 333.9511
Holdings
Withdrawn status Lost status Source of classification or shelving scheme Damaged status Not for loan Collection code Home library Current library Date acquired Source of acquisition Cost, normal purchase price Total Checkouts Full call number Barcode Date last seen Copy number Cost, replacement price Koha item type
    Dewey Decimal Classification   Not For Loan Non-fiction D.B.Act.Division D.B.Act.Division 03/06/2009 DBAD / PUB 895.00   333.9511 BIO EN-77382 03/06/2009 1 895.00 English Books

© Delhi Public Library
Hit Counter
free hit counter